Árpád-házi Szent Margit imaakciók a 20. század első felében

Elmentve itt :
Bibliográfiai részletek
Szerző: Barna Gábor
Dokumentumtípus: Könyv része
Megjelent: 2014
Sorozat:A vallási kultúrakutatás könyvei
Vallási néprajzi tanulmányok
Kulcsszavak:Szentek tisztelete - Magyarország - 1930-1940-es évek, Árpád-házi Szent Margit
Tárgyszavak:
Online Access:http://acta.bibl.u-szeged.hu/67242
LEADER 00895naa a2200229 i 4500
001 acta67242
005 20211129085740.0
008 200527s2014 hu o 0|| hun d
020 |a 978-963-306-326-2 
022 |a 2064-4825 
040 |a SZTE Egyetemi Kiadványok Repozitórium  |b hun 
041 |a hun 
100 1 |a Barna Gábor 
245 1 0 |a Árpád-házi Szent Margit imaakciók a 20. század első felében  |h [elektronikus dokumentum] /  |c  Barna Gábor 
260 |c 2014 
300 |a 176-182 
490 0 |a A vallási kultúrakutatás könyvei 
490 0 |a Vallási néprajzi tanulmányok 
650 4 |a Bölcsészettudományok 
650 4 |a Filozófia, etika és vallástudományok 
695 |a Szentek tisztelete - Magyarország - 1930-1940-es évek, Árpád-házi Szent Margit 
856 4 0 |u http://acta.bibl.u-szeged.hu/67242/1/vallasi_kulturakutatas_konyvei_014_02_176-182.pdf  |z Dokumentum-elérés